| 000 | 00598nam a2200181Ia 4500 | ||
|---|---|---|---|
| 008 | 100921s9999 xx 000 0 und d | ||
| 082 |
_b29138 _a891.468 थ 97 |
||
| 100 | _aअकोलकर प्रकाश. | ||
| 245 | _aझोत. | ||
| 260 |
_bअनुभव-अक्षरधन प्रकाशन, मुंबई. _c1997 |
||
| 300 |
_a189 _bरसिक साहित्य,पुणे |
||
| 365 | _b120 | ||
| 520 | _aललित-संकीर्ण. | ||
| 630 | _aझोत. | ||
| 650 | _aललित-संकीर्ण. | ||
| 730 | _aझोत. | ||
| 942 | _cBOOK | ||
| 999 |
_c778251 _d778248 |
||